| 000 | 00539nam a22001697a 4500 | ||
|---|---|---|---|
| 999 |
_c192 _d192 |
||
| 008 | 151107b xxu||||| |||| 00| 0 eng d | ||
| 020 | _a9781259095634 | ||
| 082 |
_aDC 599.935 _bL673 _2c2015 |
||
| 100 |
_9322 _aLewis, Ricki |
||
| 245 |
_aHuman genetics: _bconcepts and applications / _cRicki Lewis |
||
| 250 | _aEleventh Edition | ||
| 260 |
_aNew York: _bMcGraw-Hill Education, _cc2015 |
||
| 300 |
_axx, 439 pages: _bcolor illustrations; _c27 cm. |
||
| 500 | _aIncludes glossary and index. | ||
| 650 | 0 |
_9325 _aHuman genetics |
|
| 942 |
_2ddc _cDC |
||